000 00709nam a2200217 a 4500
001 000040850
005 20201002034427.0
008 130909s2003 dr 001 0 spa d
020 _a9993403776
040 _aDO-SdBNP
_bspa
_cBNPHU
082 _axxxx
_bxxxx
100 1 _aGarcía, Bartolo
_91360
245 1 0 _aMorfosintaxis funcional del español :
_bteoría-análisis-producción /
_cBartolo García, Rafael S. Núñez, Julio de los Santos.
250 _a5a ed.
260 _aSanto Domingo :
_bSurco,
_c2003.
300 _a351 p. :
_b22 cm.
500 _aIncluye índice de textos
504 _aBibliografías : p. 347-351
700 1 _aNúñez, Rafael S.
_967271
700 1 _aSantos, Julio de los
_91367
999 _c40340
_d40340